000 00567cam a22002053a 4500
001 25311
003 PGUSA
005 20140828083538.0
008 080503s2008||||xxu|||||s|||||000 | eng d
040 _aPGUSA
_beng
042 _adc
100 1 _aStankiević, V.
245 1 0 _aEl la vivo de esperantistoj
_h[electronic resource] /
_cV. Stankiević
260 _bProject Gutenberg,
_c2008
506 _aPublic domain in the USA.
516 _aElectronic text
830 0 _aProject Gutenberg
_v25311
856 4 0 _uhttp://www.gutenberg.org/ebooks/25311
942 _cEB
999 _c254566
_d254566